| 000 | 00442pab a2200157 454500 | ||
|---|---|---|---|
| 008 | 180718b2000 xxu||||| |||| 00| 0 eng d | ||
| 100 | _aRao, Manisha | ||
| 245 | _aEcofeminism, environmentalism and women's movement in India: an analysis | ||
| 260 | _c2000 | ||
| 300 | _ap.16-31 | ||
| 362 | _aMar | ||
| 650 | _aWomens liberation movement - India | ||
| 650 | _aWomens liberation movement | ||
| 773 | _aMan and Development | ||
| 909 | _a46452 | ||
| 999 |
_c46452 _d46452 |
||